000 00504nam a2200169Ia 4500
003 OSt
005 20200707135659.0
008 190216s9999||||xx |||||||||||||| ||und||
020 _a9780155055681
040 _coclc
082 _a951
_bSCH/B
100 _aSchirokauer, Conrad
_93619
245 0 _aA Brief History Of Chinese Civilization /
_cConrad Schirokauer
260 _bHarcourt Brace & Com,
_c1991.
_aNew York:
300 _a415p
942 _cBK
_2ddc
_h951
_iSCH/B
_k951
_mSCH/B
999 _c20882
_d20882